000 00813nam a2200217Ia 4500
001 19406
003 GE_BSU
008 181216s||||||||xx |||||||||||||| ||und||
040 _cGE_BSU
245 _aკარიბჭე №25(320)15-28 დეკემბერი.2016
245 _bმართლმადიდებლური ჟურნალი.
245 _cმთავარი რედაქტორი: თამარ მამაცაშვილი.
260 _aთბილისი
260 _c2016
300 _a62 გვ.28სმ.
653 _aკარიბჭე. №25(320)15-28 დეკემბერი.2016
653 _aპერიოდიკა
653 _aრელიგია
653 _aსაეკლესიო ჟურნალი
942 _cCR
999 _c52386
_d52386